| 000 | 00739 a2200265 4500 | ||
|---|---|---|---|
| 001 | 200041611 | ||
| 999 |
_c200041611 _d23205 |
||
| 003 | TR-AnTOB | ||
| 005 | 20190322122947.0 | ||
| 008 | 160507b20059999tu qr0p 0 0 | ||
| 022 | _a18154654 | ||
| 040 | _aTR-AnTOB | ||
| 041 | _aeng | ||
| 050 | 0 | 0 | _aHG1811 |
| 099 | _aJOURNAL - INTE CE | ||
| 245 | 0 | _aInternational journal of central banking | |
| 246 | _aIJCB | ||
| 260 |
_aOttawa : _bBank of Canada, _c2005- |
||
| 300 |
_av. : _bill. ; _c21cm. |
||
| 310 | _aQuarterly | ||
| 362 | _aVol.1, no. 1 (May 2005)- | ||
| 500 | _aKütüphanedeki mevcutlar: 1(1),2005. 3(2),2007- | ||
| 856 | 4 | 0 |
_ahttp://www.ijcb.org/index.html _3Full text available from Freely Accessible Business Journals |
| 942 | _cCR | ||